00832nam a2200181Ia 4500003000900000008004100009040001600050080001900066100002100085111011700106245022500223260003500448300001300483490008200496650004100578650001900619650001200638IN-BaIIA211028s9999 xx 000 0 eng d cIIA Library a063:53bENF-25 aRosenbluth, M.N. aInternational School of Physics 'Enrico Fermi" CoursecVarenna Sul Lago di Como, Villa Monasterod1962 July 9-21 0aAdvanced plasma theorybproceedings of the international school of physics "Enrico Fermi" course held in Varenna Sul Lago di Como, Villa Monastero July 9-21 1962c M.N. Rosenbluth  aNew YorkbAcademic Pressc1964 axii,266p aProceedings of the International School of Physics Enrico Fermi Course; v. 23 aAstronomy and Astrophysics Thesaurus aPlasma Physics aPlasmas